Apprisal of forensic reports in the judicil proceedings / (Record no. 153074)

MARC details
000 -LEADER
fixed length control field 00597nam a22001817a 4500
005 - DATE AND TIME OF LATEST TRANSACTION
control field 20180625164531.0
010 ## - LCCN (DPL NO)
LC control number ENG-123301
020 ## - INTERNATIONAL STANDARD BOOK NUMBER
Terms of availability 350.00
International Standard Book Number 9788193124901
035 ## - SYSTEM CONTROL NUMBER
System control number EN-106833
037 ## - SOURCE OF ACQUISITION
Source of stock number/acquisition DBAD/PUB
082 ## - DEWEY DECIMAL CLASSIFICATION NUMBER
Classification number 363.25
245 ## - TITLE STATEMENT
Title Apprisal of forensic reports in the judicil proceedings /
Statement of responsibility, etc edited by M.B.Rao
260 ## - PUBLICATION, DISTRIBUTION, ETC. (IMPRINT)
Place of publication, distribution, etc Hyderabad
Name of publisher, distributor, etc SPV National PoliceAcademy
Date of publication, distribution, etc 2015
270 ## - ADDRESS
Address Shivramapalli,
City Hyderabad
Postal code 500052
Telephone number (040)24015151
Fax number 24015179
Electronic mail address info@svpunpa.gov.in
300 ## - PHYSICAL DESCRIPTION
Extent 651,p.
Dimensions 22cm(pbk)
Other physical details ill.
700 ## - ADDED ENTRY--PERSONAL NAME
Personal name Rao,M.B.
942 ## - ADDED ENTRY ELEMENTS (KOHA)
Source of classification or shelving scheme Dewey Decimal Classification
Item type English Books
Call number suffix APP
Classification part 363.25
Holdings
Withdrawn status Lost status Not for loan Collection code Home library Current library Date acquired Source of acquisition Cost, normal purchase price Full call number Barcode Copy number Cost, replacement price Koha item type
    Not For Loan Non-fiction D.B.Act.Division Patel Nagar 25/06/2018 DBAD/PUB 350.00 363.25 APP EN-106833 1 350.00 English Books

© Delhi Public Library
Hit Counter
free hit counter